Los conceptos elementales del materialismo histórico (Registro nro. 6027)

Detalles MARC
000 -LEADER
fixed length control field 01182 a2200217 4500
001 - CONTROL NUMBER
control field 56737
005 - DATE AND TIME OF LATEST TRANSACTION
control field 20260407155831.0
008 - FIXED-LENGTH DATA ELEMENTS--GENERAL INFORMATION
fixed length control field 260407a1971 arg spa d
003 - CONTROL NUMBER IDENTIFIER
control field AR-UNSa-BCEJYS
040 ## - CATALOGING SOURCE
Original cataloging agency AR-UNSa-BCEJYS
Language of cataloging spa
Transcribing agency AR-UNSa-BCEJYS
080 ## - UNIVERSAL DECIMAL CLASSIFICATION NUMBER
Universal Decimal Classification number 141.82
Common auxiliary subdivision Socialismo científico, comunismo, marxismo, marxismo-leninismo
041 ## - LANGUAGE CODE
Language code of text/sound track or separate title spa
100 1# - MAIN ENTRY--PERSONAL NAME
Personal name Harnecker, Martha
245 10 - TITLE STATEMENT
Title Los conceptos elementales del materialismo histórico
250 ## - EDITION STATEMENT
Edition statement 6a. ed.
264 #1 - PRODUCTION, PUBLICATION, DISTRIBUTION, MANUFACTURE, AND COPYRIGHT NOTICE
Place of production, publication, distribution, manufacture Buenos Aires :
Name of producer, publisher, distributor, manufacturer Siglo Veintiuno de Argentina Editores
Date of production, publication, distribution, manufacture, or copyright notice 1971
300 ## - PHYSICAL DESCRIPTION
Extent xvi, 341 p.
Dimensions 18 cm.
505 ## - FORMATTED CONTENTS NOTE
Formatted contents note Primera parte: La estructura social - I. La producción - II. Relaciones de producción - III. Las fuerzas productivas - IV. La estructura económica de la sociedad - V. Infraestructura y superestructura - VI. Estructura ideológica - VII. Estructura jurídico-política - VIII. Modo de producción,formación social y coyuntura política - Segunda parte: Las clases sociales - IX. Las clases sociales - X. La lucha de clases - Tercera parte: La teoría marxista de la historia - XI. La teoría marxista de la historia
590 ## - LOCAL NOTE (RLIN)
Local note niveau_biblio:m niveau_hierar:0
942 ## - ADDED ENTRY ELEMENTS (KOHA)
Koha item type
Existencias
Withdrawn status Lost status Damaged status Not for loan Home library Current library Shelving location Date acquired Total checkouts Full call number Barcode Date last seen Price effective from Koha item type
        Biblioteca Prof. Eusebio Cleto del Rey Biblioteca Prof. Eusebio Cleto del Rey   07/04/2026   141.82 H289 6ed. L23586 07/04/2026 07/04/2026 Libro